La obra dramática de Mauricio Rosencof : apuntes íntimos /
Salvato in:
| Autore principale: | |
|---|---|
| Natura: | Sconosciuto |
| Lingua: | Spanish |
| Soggetti: | |
| Tags: |
Aggiungi Tag
Nessun Tag, puoi essere il primo ad aggiungerne!!
|
MARC
| LEADER | 000000000a22000000004500 | ||
|---|---|---|---|
| 001 | 002125 | ||
| 041 | 0 | |a spa | |
| 100 | 1 | |a Castro Vega, José | |
| 245 | 1 | 3 | |a La obra dramática de Mauricio Rosencof : |b apuntes íntimos / |c José Castro Vega. |
| 310 | |a trimestral | ||
| 650 | 4 | |a ROSENCOF, MAURICIO | |
| 650 | 4 | |a CRITICAS | |
| 773 | 0 | |d Estados Unidos : Instituto Intenacional de Literatura |t Revista Iberoamericana |g volumen LVIII, número 160-161 (1992), páginas 1193-1196 | |
| 942 | |c ARC | ||
| 999 | |c 9771 |d 9771 | ||
